ბათუმის შოთა რუსთაველის სახელმწიფო უნივერსიტეტის ბიბლიოთეკა

Handbook of research-based practices for educating students with intellectual disability / (ბიბ.ჩანაწერი № 57893)

000 -LEADER
fixed length control field 01146cam a2200205 i 4500
001 - CONTROL NUMBER
control field 19133431
005 - DATE AND TIME OF LATEST TRANSACTION
control field 20221108164129.0
008 - FIXED-LENGTH DATA ELEMENTS--GENERAL INFORMATION
fixed length control field 160613s2017 nyu b 001 0 eng
020 ## - INTERNATIONAL STANDARD BOOK NUMBER
International Standard Book Number 9781138832107 (pbk.) X
041 ## - LANGUAGE CODE
Language code of text/sound track or separate title eng
080 ## - UNIVERSAL DECIMAL CLASSIFICATION NUMBER
Universal Decimal Classification number 364.694 H-22
245 00 - TITLE STATEMENT
Title Handbook of research-based practices for educating students with intellectual disability /
Statement of responsibility, etc. edited by Michael L. Wehmeyer and Karrie A. Shogren.
264 #1 - PRODUCTION, PUBLICATION, DISTRIBUTION, MANUFACTURE, AND COPYRIGHT NOTICE
Place of production, publication, distribution, manufacture New York, NY :
Name of producer, publisher, distributor, manufacturer Routledge,
Date of production, publication, distribution, manufacture, or copyright notice 2017.
300 ## - PHYSICAL DESCRIPTION
Extent 516 pages ;
Dimensions 26 cm.
653 ## - INDEX TERM--UNCONTROLLED
keyword ინტელექტუალური შეზღუდული შესაძლებლობის მქონე სტუდენტების განათლების მისაღწევად კვლევაზე დაფუძნებული პრაქტიკის სახელმძღვანელო
653 ## - INDEX TERM--UNCONTROLLED
keyword გონებრივი შეზღუდვის მქონე ბავშვები
700 1# - ADDED ENTRY--PERSONAL NAME
Personal name Wehmeyer, Michael L.
Relator term რედაქტორი
9 (RLIN) 10654
700 1# - ADDED ENTRY--PERSONAL NAME
Personal name Shogren, Karrie Ann,
Relator term რედაქტორი
9 (RLIN) 10781
942 ## - ADDED ENTRY ELEMENTS (KOHA)
Source of classification or shelving scheme
Koha item type წიგნი
ეგზემპლარები
Withdrawn status Lost status Source of classification or shelving scheme Damaged status Not for loan Permanent Location Current Location Shelving location Date acquired Cost, normal purchase price Full call number Barcode Date last seen Copy number Price effective from Koha item type Public note
          ბათუმის შოთა რუსთაველის სახელმწიფო უნივერსიტეტის მთავარი ბიბლიოთეკა ბათუმის შოთა რუსთაველის სახელმწიფო უნივერსიტეტის მთავარი ბიბლიოთეკა წიგნსაცავი 2021-03-26 346.00 364.694 H-22 61272 2021-03-26 61272 2021-03-26 წიგნი 346 ლ.
          ბათუმის შოთა რუსთაველის სახელმწიფო უნივერსიტეტის მთავარი ბიბლიოთეკა ბათუმის შოთა რუსთაველის სახელმწიფო უნივერსიტეტის მთავარი ბიბლიოთეკა წიგნსაცავი 2021-03-31 356.00 364.694 H-22 61277 2021-03-31 61277 2021-03-31 წიგნი 356 ლ.